000 00263nam a2200097Ia 4500
001 642018
005 20250826153518.0
008 250824s9999 xx 000 0 und d
245 0 _aKURTULUŞUN KAHRAMANLARI 18 HAMDİ BEY
_cİSMAİL BİLGİN
260 _bTİMAŞ ÇOCUK
999 _c642018
_d642018